书目信息 |
| 题名: |
香港旅行社管理与运作
|
|
| 作者: | 郑双庆 编著 | |
| 分册: | ||
| 出版信息: | 北京 旅游教育出版社 2001.06 |
|
| 页数: | 192页 | |
| 开本: | 21cm | |
| 丛书名: | ||
| 单 册: | ||
| 中图分类: | F592.765.8 | |
| 科图分类: | ||
| 主题词: | 旅行社--企业管理--香港 | |
| 电子资源: | ||
| ISBN: | 7-5637-0880-4 | |
| 000 | 00775nam0 2200217 450 | |
| 001 | 010563643515 | |
| 005 | 20050912110938.89 | |
| 010 | @a7-5637-0880-4@dCNY15.00 | |
| 100 | @a20050401d2001 km y0chiy0120 ea | |
| 101 | 0 | @achi |
| 102 | @aCN@b110000 | |
| 105 | @aa z 000yy | |
| 200 | 1 | @a香港旅行社管理与运作@Axiang gang lu xing she guan li yu yun zuo@f郑双庆编著@Fzheng shuang qing bian zhu |
| 210 | @a北京@c旅游教育出版社@d2001.06 | |
| 215 | @a192页@c图@d21cm | |
| 330 | @a本书完整地介绍了香港旅行社的管理,包括旅行社的基本管理制度、行政人事管理、旅行社的管理与技巧、旅行社如何开拓市场等。 | |
| 606 | 0 | @a旅行社@x企业管理@y香港 |
| 690 | @aF592.765.8@v4 | |
| 701 | 0 | @a郑双庆@Azheng shuang qing@4编著 |
| 801 | 0 | @aCN@bQSSK@c20050912 |
| 905 | @a10447@dF592.765.8@eZ447 | |
| 香港旅行社管理与运作/郑双庆编著.-北京:旅游教育出版社,2001.06 |
| 192页:图;21cm |
| ISBN 7-5637-0880-4:CNY15.00 |
| 本书完整地介绍了香港旅行社的管理,包括旅行社的基本管理制度、行政人事管理、旅行社的管理与技巧、旅行社如何开拓市场等。 |
| ● |
| 相关链接 |
|
|
|
正题名:香港旅行社管理与运作
索取号:F592.765.8/Z447
 
预约/预借
| 序号 | 登录号 | 条形码 | 馆藏地/架位号 | 状态 | 备注 |
| 1 | 569175 | 205691759 | 社科库409/409社科库 40排1列5层/ [索取号:F592.765.8/Z447] | 在馆 | |
| 2 | 569176 | 205691768 | 管理学院资料室/ [索取号:F592.765.8/Z447] | 在馆 | |
| 3 | 569177 | 205691777 | 社科库409/409社科库 40排1列5层/ [索取号:F592.765.8/Z447] | 在馆 |